Statistics for People on UK banknotes

Click here to take the quiz!

General Stats

  • This quiz has been taken 50 times
    (19 since last reset)
  • The average score is 10 of 29

Answer Stats

DenominationReason for HonorAnswer% Correct
All BanknotesRoyaltyQueen Elizabeth II
100%
£10 (special commemorative issue)To mark her Diamond JubileeQueen Elizabeth II
100%
£5 (special commemorative issue)To mark her Golden JubileeQueen Elizabeth II
100%
£5Wartime Prime ministerWinston Churchill
94%
£1 (special commemorative issue)Inventor of the telephoneAlexander Graham Bell
67%
£10AuthorJane Austen
67%
£20EconomistAdam Smith
56%
£20Economist and key figure of the Scottish EnlightenmentAdam Smith
56%
£5Discoverer of penicillinAlexander Fleming
56%
£5 and £10Notable Scottish poetRobert Burns
56%
£5 (special commemorative issue)Footballer for Northern Ireland and Manchester UnitedGeorge Best
39%
£20 (special commemorative issue)To mark this Royal's 100th birthdayQueen Elizabeth The Queen Mother
39%
£50InventorJames Watt
28%
£10Founder of the Dunlop Pneumatic Tyre CompanyJohn Boyd Dunlop
22%
£1 (special commemorative issue)Scottish novelist and poetRobert Louis Stevenson
22%
£5, £10, £20, £50, £100Historical novelist and poet; campaigner for the continuation of Scottish banknoteSir Walter Scott
22%
£20King of the Scots 1306-1329Robert the Bruce
17%
£100Architect and designerCharles Rennie Mackintosh
11%
£5 (special commemorative issue)Notable American golferJack Nicklaus
11%
£50ManufacturerMatthew Boulton
11%
£20Engineer and developer of the modern agricultural tractorHarry Ferguson
6%
£501st Governor, Bank of EnglandJohn Houblon
6%
All BanknotesFounder and first governor of the Royal Bank of ScotlandLord Ilay
6%
£5 (special commemorative issue)250th anniversary of The Golf Club of St AndrewsOld Tom Morris
6%
£50Doctor and suffragistElsie Inglis
0%
£100Mathematical physicist and engineerLord Kelvin
0%
£10Scottish missionary to Nigeria and campaigner for women's rightsMary Slessor
0%
£100Inventor of the aircraft ejector seatSir James Martin
0%
£50Founder of the Belfast Sirocco Works and pioneer of air conditioningSir Samuel Cleland Davidson
0%

Score Distribution

Percentile by Number Answered

Percent of People with Each Score

Your Score History

You have not taken this quiz since the last reset